00522 2200205 4500001002100000008004100021035002000062245007400082100001600156250000600172260004200178300001200220084001400232082000800246650001400254990001200268990001200280990001200292990001200304INLIS000000000000450 ind  a0010-0424000426 aKumpulan Undang - Undang dan Peraturan Bidang PendidikancWidada, S.H aWidada, S.H a1 aKlaten :bSaka Mitra Kompetensic2014 a370 hlm a348 WID k a348 aNon Fiksi a0722600 a0722601 a0722602 a0722603